<The> making of national economic forecasts

Enregistré dans:
Détails bibliographiques
Autres auteurs: Klein, Lawrence R.
Format: Livre
Langue:anglais
Publié: Cheltenham Edward Elgar 2009
Sujets:
Tags: Ajouter un tag
Pas de tags, Soyez le premier à ajouter un tag!

MARC

LEADER 00000nam$a2200000$$$4500
001 0109607
005 20240315121742.8
020 |a 978-1-84720-489-9 
041 0 |a eng 
044 |a GB 
245 1 0 |a <The> making of national economic forecasts  |c edited by Lawrence R. Klein 
264 1 |a Cheltenham  |b Edward Elgar  |c 2009 
300 |a 386 s. 
610 2 0 |a prognózovanie 
610 2 0 |a prognózy hospodárske 
610 2 0 |a hospodárstvo národné 
610 2 0 |a výkonnosť ekonomiky 
610 2 0 |a rast hospodársky 
610 2 0 |a modely prognostické 
610 2 0 |a porovnanie medzinárodné 
610 2 0 |a prognózy hospodárske medzinárodné 
610 2 0 |a produkt domáci hrubý 
610 2 0 |a USA 
610 2 0 |a Čína 
610 2 0 |a India 
610 2 0 |a Rusko 
610 2 0 |a Nemecko 
610 2 0 |a Mexiko 
610 2 0 |a Japonsko 
610 2 0 |a Kórea 
610 2 0 |a Turecko 
610 2 0 |a Brazília 
700 1 |a Klein, Lawrence R.